000 00782nam a22002297a 4500
005 20251108164115.0
008 250721s1998 xx 000 0 ara d
082 1 4 _aم/ 217,8/جوز
100 1 _aإبن القيم الجوزية، أبو عبد الله محمد بن أبي بكر
245 1 0 _aأعلام الموقعين عن رب العالمين /
264 1 _aبيروت :
_bدار الجيل،
_c1998.
300 _a4مج.
650 1 7 _aالفتاوى
650 1 7 _aالأحكام
650 1 7 _aالشريعة الإسلامية
650 1 7 _aالإجتهاد (فقه إسلامي)
650 1 7 _aفتاوى الصحابة
650 1 7 _aأصول الفقه
700 1 _aالحرستاني، عصام فارس
_eتحقيق
942 _2ddc
_cREF
999 _c3782
_d3782